000 01170nam a2200265Ia 4500
003 OSt
005 20210714184107.0
008 210310t2005 ck ad gr 000 0dspa d
020 _a9589764800
040 _aCO-JMCR
_cCO-JMCR
041 0 _aspa
082 0 4 _a330.98 /
_bF879t
_223
100 1 _aFrenkel, Roberto,
_916128
_eautor
245 1 0 _aTipo de cambio real y empleo en Argentina, Brasil, Chile y México /
_cRoberto Frenkel, Carlos Gustavo Cano
260 _aBogotá :
_bCESA,
_c©2005
300 _a126 páginas :
_bilustraciones y gráficas a blanco y negro ;
_c21 cm.
500 _aIncluye notas a pie de página y datos biográficos del autor.
504 _aBibliografía: páginas 125-126
505 0 _aLos canales de influencia del TCR en el empleo -- Tipo de cambio real, empleo y desempleo en Argentina, Brasil, Chile y México -- Regímenes de política macroeconómica con TCR estable como meta intermedia
650 1 4 _aEmpleo
_916130
_zAmérica Latina
651 4 _aAmérica Latina
_xCondiciones económicas
_910316
651 4 _aAmérica Latina
_xPolítica económica
_936232
700 1 _aGustavo Cano, Carlos,
_eautor
_938468
942 _2ddc
_cBK
999 _c8028
_d8028